[Event "BAN-ch (Women) 37th"]
[Site "Dhaka"]
[Date "2017.08.27"]
[Round "8"]
[White "Hamid, Rani"]
[Black "Khan, Hamida"]
[Result "1-0"]
[WhiteElo "1953"]
[BlackElo "1746"]
[PlyCount "59"]
[EventDate "2017.08.20"]
[EventType "swiss"]
[EventRounds "9"]
[EventCountry "BAN"]
[SourceTitle "CBM 180 Extra"]
[Source "ChessBase"]
[SourceDate "2017.10.06"]
[SourceVersion "1"]
[SourceVersionDate "2017.10.06"]
[SourceQuality "1"]

1. e4 c5 2. Nf3 d6 3. d4 cxd4 4. Nxd4 Nf6 5. Nc3 a6 6. Be2 e6 7. 0-0 Be7 8. Be3 0-0 9. f4 Qc7 10. Kh1 Nbd7 11. a4 b6 12. Bf3 Bb7 13. Qe2 Rac8 14. g4 Nc5 15. Qg2 h6 16. g5 hxg5 17. fxg5 Nfd7 18. Qh3 Ne5 19. Bg2 Qd8 20. Qg3 g6 21. Nde2 Nc4 22. Bc1 Ne5 23. Bf4 Ncd7 24. Rad1 Qc7 25. Nd4 Nc4 26. Bc1 Nce5 27. Rf4 Kg7 28. Rdf1 Rh8 29. Rxf7+ Nxf7 30. Nxe6+ 1-0

[Event "BAN-ch (Women) 37th"]
[Site "Dhaka"]
[Date "2017.08.21"]
[Round "2"]
[White "Nusrat Jahan, Alo"]
[Black "Khan, Hamida"]
[Result "0-1"]
[WhiteElo "1434"]
[BlackElo "1746"]
[PlyCount "110"]
[EventDate "2017.08.20"]
[EventType "swiss"]
[EventRounds "9"]
[EventCountry "BAN"]
[SourceTitle "CBM 180 Extra"]
[Source "ChessBase"]
[SourceDate "2017.10.06"]
[SourceVersion "1"]
[SourceVersionDate "2017.10.06"]
[SourceQuality "1"]

1. e4 c5 2. Nf3 d6 3. d4 cxd4 4. Nxd4 Nf6 5. Nc3 a6 6. Be2 e6 7. 0-0 Be7 8. Be3 0-0 9. f4 Qc7 10. Qe1 Nbd7 11. Qg3 Re8 12. Nf3 Nc5 13. Nd2 b5 14. Bf3 Bb7 15. b4 Ncd7 16. Rae1 Qxc3 17. e5 Nd5 18. Bxd5 Bxd5 19. Nb1 Qxb4 20. a3 Qe4 21. Rf2 Rac8 22. exd6 Bxd6 23. c3 Qf5 24. Qg5 Bc5 25. Bxc5 Nxc5 26. Qxf5 exf5 27. Rfe2 Rxe2 28. Rxe2 Ne4 29. Re3 Rd8 30. Rd3 Rd6 31. Nd2 Bc4 32. Rxd6 Nxd6 33. Kf2 Ne4+ 34. Nxe4 fxe4 35. Ke3 f5 36. g3 Kf7 37. Kd4 Ke6 38. h3 h6 39. g4 g5 40. Ke3 Bf1 41. fxg5 hxg5 42. gxf5+ Kxf5 43. a4 bxa4 44. Kd2 Kf4 45. Ke1 Bxh3 46. c4 Ke3 47. c5 a3 48. Kd1 a2 49. Kc2 a1Q 50. c6 Qa4+ 51. Kc3 Qxc6+ 52. Kb3 Kd3 53. Kb4 Qb5+ 54. Ka3 Kc3 55. Ka2 Qb2# 0-1

[Event "BAN-ch (Women) 37th"]
[Site "Dhaka"]
[Date "2017.08.20"]
[Round "1"]
[White "Khan, Hamida"]
[Black "Samiha, Chowdhury"]
[Result "1-0"]
[WhiteElo "1746"]
[BlackElo "1183"]
[PlyCount "51"]
[EventDate "2017.08.20"]
[EventType "swiss"]
[EventRounds "9"]
[EventCountry "BAN"]
[SourceTitle "CBM 180 Extra"]
[Source "ChessBase"]
[SourceDate "2017.10.06"]
[SourceVersion "1"]
[SourceVersionDate "2017.10.06"]
[SourceQuality "1"]

1. d4 Nf6 2. c4 e6 3. Nc3 Bb4 4. Qc2 d5 5. e3 Nbd7 6. Bd3 dxc4 7. Bxc4 c5 8. Nf3 0-0 9. 0-0 b6 10. a3 Bxc3 11. bxc3 Bb7 12. Nd2 Rc8 13. Bd3 Re8 14. Nc4 cxd4 15. Nd6 Rxc3 16. Qb1 Re7 17. Nxb7 Qc7 18. Ba6 Nb8 19. Be2 Qxb7 20. Bb2 Rc8 21. Bxd4 Ne4 22. Bf3 f5 23. Be5 Nc6 24. Bxe4 fxe4 25. Bg3 Na5 26. Rd1 1-0